Financial accounting: A self-study textbook (Record no. 156942)

MARC details
000 -LEADER
fixed length control field 00363nam a2200145Ia 4500
008 - FIXED-LENGTH DATA ELEMENTS--GENERAL INFORMATION
fixed length control field 230917s9999||||xx |||||||||||||| ||und||
040 ## - CATALOGING SOURCE
-- 179506
Original cataloging agency VIVEKANANDA LIBRARY
041 ## - Language
-- English
082 ## - DDC NUMBER
Classification number 657.48 T829F
100 ## - MAIN ENTRY--PERSONAL NAME
Personal name Tulsian, P C
245 #0 - TITLE STATEMENT
Title Financial accounting: A self-study textbook
260 ## - PUBLICATION, DISTRIBUTION, ETC. (IMPRINT)
Place of publication, distribution, etc New Delhi
Name of publisher, distributor, etc S Chand
Date of publication, distribution, etc 2011
300 ## - PHYSICAL DESCRIPTION
Pages v. p.
942 ## - ADDED ENTRY ELEMENTS (KOHA)
Koha item type Books
Holdings
Withdrawn status Lost status Damaged status Not for loan Location (home branch) Sublocation or collection (holding branch) Date acquired Koha issues (times borrowed) Koha full call number Accession No. Koha date last seen Koha item type
        VIVEKANANDA LIBRARY VIVEKANANDA LIBRARY 09/02/2011 1 657.48 T829F 284705 13/09/2025 Books
        VIVEKANANDA LIBRARY VIVEKANANDA LIBRARY 09/02/2011 1 657.48 T829F 284706 29/09/2025 Books
        VIVEKANANDA LIBRARY VIVEKANANDA LIBRARY 09/02/2011   657.48 T829F 284707 17/09/2023 Books
        VIVEKANANDA LIBRARY VIVEKANANDA LIBRARY 09/02/2011 2 657.48 T829F 284708 29/09/2025 Books
        VIVEKANANDA LIBRARY VIVEKANANDA LIBRARY 09/02/2011   657.48 T829F 284709 17/09/2023 Books
        VIVEKANANDA LIBRARY VIVEKANANDA LIBRARY 09/02/2011 1 657.48 T829F 284710 01/10/2025 Books
© Designed and Maintained by Vivekananda Library, MDU Rohtak